Những vấn đề lý luận và thực tiễn quản lý và tổ chức khoa học
Phân tích và hệ thống hoá kinh nghiệm quản lý khoa học ở Liên Xô trên bình diện một ngành, một tổ chức nghiên cứu khoa học, một trường đại học và một tập thể khoa học cơ sở
Bewaard in:
| Hoofdauteur: | |
|---|---|
| Andere auteurs: | , , , , |
| Formaat: | Boek |
| Taal: | Vietnamese |
| Gepubliceerd in: |
H.
Khoa học xã hội
1980
|
| Reeks: | Sách tham khảo nước ngoài
|
| Onderwerpen: | |
| Tags: |
Voeg label toe
Geen labels, Wees de eerste die dit record labelt!
|
| Thư viện lưu trữ: | Mạng thư viện Đại học Đà Nẵng |
|---|
| LEADER | 01778nam a22004458a 4500 | ||
|---|---|---|---|
| 001 | 000006599 | ||
| 003 | 2757 | ||
| 005 | 20111117081128.0 | ||
| 008 | 110915s1980 b 000 0 vieod | ||
| 041 | 0 | |a vie | |
| 041 | 0 | |a dịch liên xô | |
| 082 | |a 506 |b VIE | ||
| 084 | |a Q |b NH556V | ||
| 100 | 1 | |a Ananitsep, K.V. | |
| 245 | 1 | 0 | |a Những vấn đề lý luận và thực tiễn quản lý và tổ chức khoa học |c K.V. Ananitsep, Đ.N. Bôbrưsep, N.I. Gôlupxôva, ... chủ biên ; Dịch: Đỗ Minh |
| 260 | |a H. |b Khoa học xã hội |c 1980 | ||
| 300 | |a 515tr |c 20cm | ||
| 490 | |a Sách tham khảo nước ngoài | ||
| 500 | |a ĐTTS ghi: Viện hàn lâm khoa học Liên Xô. Viện nghiên cứu xã hội học | ||
| 520 | |a Phân tích và hệ thống hoá kinh nghiệm quản lý khoa học ở Liên Xô trên bình diện một ngành, một tổ chức nghiên cứu khoa học, một trường đại học và một tập thể khoa học cơ sở | ||
| 653 | |a kinh tế | ||
| 653 | |a xã hội học | ||
| 653 | |a Liên Xô | ||
| 653 | |a Khoa học | ||
| 653 | |a quản lí | ||
| 700 | 1 | |a Bôbrưsep, Đ.N. |e Tác giả | |
| 700 | 1 | |a Grisaep, E.E. |e Tác giả | |
| 700 | 1 | |a Gvisiani, Đ.M. |e Tác giả | |
| 700 | 1 | |a Đỗ Minh |e Dịch | |
| 700 | 1 | |a Gôlupxôva, N.I. |e Tác giả | |
| OWN | |a LSP | ||
| AVA | |a UDN50 |b LSP |d 506 VIE |e unavailable |t Error 5002 Not defined in file expand_doc_bib_avail. |f 1 |g 1 |h N |i 0 |k 1 | ||
| 999 | |a From the UDN01 | ||
| AVA | |a UDN50 |b LSP |d 506 VIE |e unavailable |t Error 5002 Not defined in file expand_doc_bib_avail. |f 1 |g 1 |h N |i 0 |k 1 | ||
| TYP | |a Monograph | ||
| TYP | |a Printed language | ||
| 980 | |a Mạng thư viện Đại học Đà Nẵng | ||